00435nam a2200097Ia 4500008004100000100002800041245015600069260003900225650001200264856006100276160909s9999 xx 000 0 und d aRocha, Michelle Dantas, aWhere is the Survivor's Voice? An Examination of the Individual and Structural Challenges to the Reintegration of Immigrant Human Trafficking Survivors bUniversity of South Florida.c2016 aTOURISM uhttp://pqdtopen.proquest.com/doc/1808267186.html?FMT=ABS